|
|
|
|
| LEADER |
00000nam a22000007a 4500 |
| 005 |
20150129133147.0 |
| 007 |
cr|||| |||| |
| 008 |
150129s2014 sp |||||s|||| 00||0 spa d |
| 020 |
|
|
|a 978-84-9085-134-0
|
| 035 |
|
|
|a 12565
|
| 040 |
|
|
|a vLex
|
| 090 |
|
|
|c 5326
|d 5326
|
| 100 |
1 |
|
|a Castellano Domn̕guez, Ft̀ima
|
| 245 |
1 |
0 |
|a Gua̕ de Intervencion Judicial sobre Violencia de Gňero
|h [Recurso electrn̤ico] /
|c Ft̀ima Castellano Domn̕guez, Concepcin̤ Nieto-Morales
|
| 256 |
|
|
|a Servicio en ln̕ea
|
| 260 |
|
|
|a [s.l.] :
|b Dykinson,
|c 2014
|
| 300 |
|
|
|a 1 recurso electrn̤ico
|
| 506 |
1 |
|
|a Contenido solo disponible en los productos indicados
|d vLex Global
|d vLex Global (Academic Edition, excluding Law Schools)
|d vLex Global (U.S. Academic Edition, Law Schools)
|d vLex Global (U.S. Academic Edition, excluding Law Schools)
|d vLex Global (Academic Edition, Law Schools)
|
| 650 |
|
|
|a Violencia contra las mujeres
|x --Jurisprudencia
|z -- Espaą
|
| 700 |
1 |
|
|a Nieto-Morales, Concepcin̤
|
| 740 |
0 |
|
|a vLex Libros (Servicio en ln̕ea)
|
| 856 |
4 |
0 |
|u http://vlex.com/source/guia-intervencion-judicial-violencia-genero-12565
|z Acceso restringido
|
| 942 |
|
|
|c BOOK
|
| 999 |
0 |
|
|a Women--Abuse of
|
| 999 |
0 |
|
|a Wife abuse
|